| 000 | 00542nam a22001813a 4500 | ||
|---|---|---|---|
| 005 | 20210223124049.0 | ||
| 008 | 010423s1978 mx 000 0 spa d | ||
| 035 | _aUPN01000105775 | ||
| 049 | _aCG | ||
| 050 | 4 |
_aR468 _bR8.3 |
|
| 100 | 1 | _aRuiz Castañeda, Maximiliano | |
| 245 | 1 | 0 |
_aEscritos y entrevistas / _cMaximiliano Ruiz Castañeda. |
| 260 |
_aToluca : _bFONAPAS : _bGobierno del Estado de México, _c1978. |
||
| 300 | _a99 p. | ||
| 650 | 4 |
_aMEDICINA - _zMEXICO - _vBIOGRAFIA |
|
| 650 | 4 |
_aMEDICOS - _vBIOGRAFIA _912713 |
|
| 905 | _aLibro | ||
| 999 |
_c79688 _d79688 |
||